Loading...
| Literature - American | 0 | 3 | 0 | 1 | 30 | 66 | 87.67 | 0 | 1 | 7.28 | 14.04 |
| Current Events | 0 | 2 | 0 | 0 | 20 | 79 | 86.00 | 0 | 0 | 8.31 | 17.78 |
| History - Other | 0 | 2 | 0 | 0 | 20 | 55 | 57.50 | 0 | 1 | 8.85 | 12.67 |
| Literature - World | 0 | 2 | 0 | 2 | 20 | 113 | 114.00 | 0 | 1 | 0.00 | 1.67 |
| Mythology | 0 | 2 | 0 | 0 | 20 | 79 | 92.00 | 0 | 0 | 1.70 | 5.05 |
| Popular Culture | 0 | 2 | 0 | 0 | 20 | 23 | 41.50 | 1 | 1 | 21.39 | 17.59 |
| Religion | 0 | 2 | 0 | 1 | 20 | 72 | 82.50 | 0 | 0 | 4.52 | 6.77 |
| Science - Biology | 0 | 2 | 0 | 1 | 20 | 59 | 73.50 | 0 | 0 | 4.51 | 3.24 |
| Fine Arts - Painting and Sculpture | 0 | 1 | 0 | 0 | 10 | 100 | 100.00 | 0 | 0 | 1.39 | 2.02 |
| Geography | 0 | 1 | 0 | 0 | 10 | 79 | 79.00 | 0 | 1 | 3.11 | 12.86 |
| Fine Arts - Classical Music | 0 | 1 | 0 | 0 | 10 | 96 | 96.00 | 0 | 1 | 1.94 | 6.61 |
| History - European | 0 | 1 | 0 | 1 | 10 | 121 | 121.00 | 0 | 0 | 0.00 | 2.02 |
| Fine Arts - Other | 0 | 1 | 0 | 1 | 10 | 119 | 119.00 | 0 | 0 | 0.00 | 0.76 |
| History - World | 0 | 1 | 1 | 1 | 5 | 64 | 64.00 | 0 | 0 | 3.44 | 3.03 |
| Literature - British | 0 | 1 | 1 | 0 | 5 | 96 | 96.00 | 0 | 0 | 2.16 | 3.79 |
| History - American | 0 | 1 | 2 | 0 | 0 | 49 | 49.00 | 1 | 1 | 4.93 | 8.26 |
| Literature - European | 0 | 0 | 0 | 0 | 0 | 0.00 | 0 | 0 | 0.00 | 0.00 | |
| Science - Chemistry | 0 | 0 | 0 | 0 | 0 | 0.00 | 0 | 0 | 0.00 | 0.00 |